000 01110nam a2200301Ia 4500
003 OSt
005 20221007125111.0
006 a|||||r|||| 00| 0
007 ta
008 221006b |||||||| |||| 00| 0 eng d
020 _a019855740X (pbk)
_cRs.160.00
024 _a3506
037 _bEducational,
_cTextual
040 _aCDL
_cCDL
_beng
041 _2eng
_aeng
082 _aE:(9S), N5
100 _aGrant Guy H
_9721519
245 0 _aComputational Chemistry by Guy H Grant and W Graham Richards
_b Richards W Graham
260 _aOxford
_bOxford University Press
_c1995
300 _a92p
_ccm.
490 _aOxford chemistry primers; 29
500 _aBibliography p92; ^mPurchase^n23/CSL/Carc/Cosist/95-96/2696^d1995-05-21; ; 95-96/241^b1995-08-22^c1318/95-96^d1995-08-22^eEducational Book Service^f1995-08-22^h1995-08-22; ; 1995-09-22^bSB^c1996-10-03
650 _a Data processing
_9601271
650 _aChemistry
700 _a Richards W Graham
_9717636
942 _hE:(9S), N5
_cTEXL
_2CC
999 _c1214668
_d1214668